| 000 | 00846cam a2200229 b 4500 | ||
|---|---|---|---|
| 999 |
_c103 _d103 |
||
| 003 | AR-BaISA | ||
| 005 | 20190125101048.0 | ||
| 007 | ta | ||
| 008 | 000225s2002 sp ad ||| ||spa d | ||
| 020 | _a8480887184 | ||
| 040 | _cAR-BaISA | ||
| 082 | 0 | 4 |
_222 _a362.106 8 As28 |
| 100 | 1 | 0 |
_aAsenjo Sebastián, Miguel Ángel _9221 |
| 245 | 1 | 4 |
_aLas claves de la gestión hospitalaria _h[Texto impreso] / _cMiguel Ángel Asenjo Sebastián |
| 250 | _a2ª ed. | ||
| 260 |
_aBarcelona: _bGestión 2000, _c2002 |
||
| 300 |
_a138 p.: _bil., graf.; _c23 cm |
||
| 504 | _aBibliografía p: [137]-138 | ||
| 505 |
_tConceptos generales -- _tPlanificación y gestión hospitalarias -- _tDesarrollo de la planificación y gestión hospitalarias -- _tCuadro-resumen y de mando |
||
| 650 | 1 | 4 |
_aHospitales _9222 _vorganización y administración |
| 942 |
_2ddc _cLI |
||